Gower Principles of Modern Company Law / (Record no. 586929)
[ view plain ]
| 000 -LEADER | |
|---|---|
| fixed length control field | 00459nam a22001577a 4500 |
| 020 ## - INTERNATIONAL STANDARD BOOK NUMBER | |
| International Standard Book Number | 9780414088115 |
| 082 ## - DEWEY DECIMAL CLASSIFICATION NUMBER | |
| Classification number | 346.41066 DAV |
| 100 ## - MAIN ENTRY--PERSONAL NAME | |
| Personal name | Davies, Paul L. & Gower |
| 245 ## - TITLE STATEMENT | |
| Title | Gower Principles of Modern Company Law / |
| Statement of responsibility, etc. | Paul L. Davies, & Gower |
| 250 ## - EDITION STATEMENT | |
| Edition statement | 11th Edition. |
| 260 ## - PUBLICATION, DISTRIBUTION, ETC. | |
| Place of publication, distribution, etc. | London : |
| Name of publisher, distributor, etc. | Thomson Reuters, |
| Date of publication, distribution, etc. | 2021. |
| 300 ## - PHYSICAL DESCRIPTION | |
| Extent | 1294 p. ; |
| Dimensions | 23 cm. |
| 942 ## - ADDED ENTRY ELEMENTS (KOHA) | |
| Source of classification or shelving scheme | |
| Koha item type | Book |
| Withdrawn status | Lost status | Source of classification or shelving scheme | Damaged status | Not for loan | Permanent Location | Current Location | Shelving location | Date acquired | Source of acquisition | Full call number | Barcode | Date last seen | Price effective from | Koha item type |
|---|---|---|---|---|---|---|---|---|---|---|---|---|---|---|
| NUST Law School (NLS) | NUST Law School (NLS) | Law | 12/01/2021 | Pakistan Law House | 346.41066 DAV | CL-834 | 12/01/2021 | 12/01/2021 | Book |
